000
00292nam a2200109Ia 4500
008
200302s9999 xx 000 0 und d
100
_a
Gail Deibler Finke
245
_a
Urban Identities Creating City Images Through Design
260
_b
Madison Square Press
260
_c
1998
300
_a
189 P.,
999
_c
5525
_d
5525